00777nam a22001937a 450000500170000000800410001705000200005824501570007825000110023526000690024630000480031549000230036350400490038665000210043565100320045670000320048870000280052070000350054820230622122054.0230613t1975 mx bo||gr||| 00| 0 spa|d04aDS736bM37 197500aMarx-Engels, 1843-1894 b : China : ¿Fósil viviente o trasmisor revolucionario? c / Estudio preliminar, compilación y notas de Lothar Knauth.  a1a ed. aMéxico : bUniversidad Nacional Autónoma de México, c1975 a212 p. :bil. ;c21 cme+ 3 hojas plegables0 aEstudios ;vno. 44 aIncluye bibliografías, glosario e índice 4aComunismozChina 4aChinaxHistoria ySiglo XIX1 aKnauth, Lothar,ecompilador1 aMarx, Karl, d1818-18831 aEngels, Friedrich, d1820-1895